=LDR 00000nam 2200000 4500 =001 INLIS000000000045944 =005 20150212092015.0 =006 =007 =008 =020 ##$$a 978-979-756-011-9 =035 ##$$0010-021500000000504 =040 ##$$a NBPDMAT =082 ##$$a 550 =090 ##$$a 550 $b Del m =100 ##$$a Delik Iskandar =245 ##$$a Mengenal Bumi Untuk Menjaga Kelestarian Bumi 3 $c Delik Iskandar; Editor, Ina Hasanah. =250 ##$$a Cet.3 =260 ##$$a Surabaya $b Graha Ilmu Mulia $c 2010 =300 ##$$a iv,52 hlm. : $b ilus. ; $c 24 cm. =500 ##$$a Bibliografi : hlm. 51, Indeks : hlm. 52 =650 ##$$a Bumi =700 ##$$a Ina Hasanah =850 ##$$a NBPDMAT =990 ##$$a 0001/BPAP-NTB/20142015 =990 ##$$a 0001/BPAP-NTB/20142015 =990 ##$$a 0001/BPAP-NTB/20142015 =990 ##$$a 0001/BPAP-NTB/20142015 =990 ##$$a 0001/BPAP-NTB/20142015